How lizard lost his colors (Record no. 13797)

000 -LEADER
fixed length control field 00872nam a2200229 4500
020 ## - ISBN
ISBN 9780545165365
082 ## - DEWEY DECIMAL CLASSIFICATION NUMBER
Classification number Fic. S5297h 2009
100 ## - MAIN ENTRY--PERSONAL NAME
Personal name Shapiro, Sara
245 ## - TITLE STATEMENT
Title How lizard lost his colors
Remainder of title a traditional Navajo tale
Statement of responsibility, etc. retold by Sara Shapiro ; illustrated by Ellen Giggenbach
260 ## - PUBLICATION, DISTRIBUTION, ETC. (IMPRINT)
Place of publication, distribution, etc. New York
Name of publisher, distributor, etc. Scholastic, Inc.
Date of publication, distribution, etc. c2009
300 ## - PHYSICAL DESCRIPTION
Extent/Page number 12 pages
Other physical details col. ill.
Dimensions 23 x 18 cm.
504 ## - BIBLIOGRAPHY, ETC. NOTE
Bibliography, etc Lexile measure:300L
520 ## - SUMMARY, ETC.
Summary, etc. Long ago, the lizard had a colorful skin, but this made it difficult to hide from the coyote. The story details what happens when the lizard loses its colors.
526 ## - STUDY PROGRAM INFORMATION NOTE
PROGRAM TYPE FICTION
SUB-PROGRAM TYPE Folklore
650 ## - SUBJECT ADDED ENTRY--TOPICAL TERM
Topical term or geographic name as entry element Lizards -- Juvenile fiction.
650 ## - SUBJECT ADDED ENTRY--TOPICAL TERM
Topical term or geographic name as entry element Navajo Indians—Folklore
650 ## - SUBJECT ADDED ENTRY--TOPICAL TERM
Topical term or geographic name as entry element Lizards—Folklore
650 ## - SUBJECT ADDED ENTRY--TOPICAL TERM
Topical term or geographic name as entry element Coyotes—Folklore
650 ## - SUBJECT ADDED ENTRY--TOPICAL TERM
Topical term or geographic name as entry element Folklore—United States
700 ## - ADDED ENTRY--PERSONAL NAME/OTHER AUTHORS
Personal name Giggenbach, Ellen
942 ## - ADDED ENTRY ELEMENTS
Classification
Item type Book
Holdings
Withdrawn status Lost status Source of classification or shelving scheme Damaged status Not for loan Collection code Permanent Location Current Location Shelving location Date acquired Source of acquisition Cost, normal purchase price Full call number Barcode Date last seen Copy number Cost, replacement price Price effective from Item type
          DEAR Grade School Library Grade School Library DEAR 2026-02-02 Scholastic 100.00 Fic. S5297h 2009 c1 GS5357 2026-02-02 1 150.00 2026-02-02 Book
          DEAR Grade School Library Grade School Library DEAR 2026-02-02 Scholastic 100.00 Fic. S5297h 2009 c2 GS5358 2026-02-02 2 150.00 2026-02-02 Book